000 00817nas a2200277 i 4500
001 2804
003 ES-MaACL
005 20250802062548.0
007 t|
008 001212c1992 sp | | 0 ||pa d
080 _a(460)
080 _a821.134.2
245 0 0 _aDiálogo de la lengua
_b: revista de estudio y creación literaria.
260 _aCuenca :
_bInstituto Juan de Valdés,
_c1992-
300 _a1 v. ;
_c24 cm.
310 _aPeriodicidad irregular
362 0 _aNº 1 (otoño 1992)-
650 1 7 _aLiteratura española
_2embne
_914539
655 7 _2tgfbne
_9226866
_aRevistas
710 2 _aInstituto Juan de Valdés.
_95111
852 _aES-MaACL
_jHem-1949
_cHEM
866 0 _o1992-1993.
942 _2udc
_cPERIODICA
999 _c2804
_d2804